000 00259nam a2200109Ia 4500
005 20251222144920.0
008 251222s9999||||xx |||||||||||||| ||spa||
082 _a364.13/P43
245 0 _aVoz y Voto de Mujer
264 _bMinisterio de la Mujer
942 _cLIB
999 _c22678
_d22678